000 01696nam a2200397 a 4500
001 ebr10271070
003 CaPaEBR
006 m u
007 cr cn|||||||||
008 071108s2007 ne abf sb 011 0 eng
010 _z 2007046055
020 _z9789004162860 (hardback : alk. paper)
020 _z9004162860 (hardback : alk. paper)
040 _aCaPaEBR
_cCaPaEBR
035 _a(OCoLC)646789911
041 0 _aeng
_afre
_ager
050 1 4 _aN7850
_b.M38 2007eb
082 0 4 _a709/.02
_222
245 0 4 _aThe material and the ideal
_h[electronic resource] :
_bessays in medieval art and archaeology in honour of Jean-Michel Spieser /
_cedited by Anthony Cutler and Arietta Papaconstantinou.
260 _aLeiden ;
_aBoston :
_bBrill,
_c2007.
300 _avi, 240 p., [55] p. of plates :
_bill., maps.
490 1 _aThe medieval Mediterranean,
_x0928-5520 ;
_vv. 70
504 _aIncludes bibliographical references and index.
504 _a"Publications by Jean-Michel Speiser": p. [9]-14.
533 _aElectronic reproduction.
_bPalo Alto, Calif. :
_cebrary,
_d2013.
_nAvailable via World Wide Web.
_nAccess may be limited to ebrary affiliated libraries.
546 _aContributions in English, French, or German.
650 0 _aChristian art and symbolism
_yMedieval, 500-1500.
650 0 _aArt, Medieval.
655 7 _aElectronic books.
_2local
700 1 _aSpieser, J.-M.
700 1 _aCutler, Anthony,
_d1934-
700 1 _aPapaconstantinou, Arietta.
710 2 _aebrary, Inc.
830 0 _aMedieval Mediterranean ;
_vv. 70.
856 4 0 _uhttp://site.ebrary.com/lib/rucke/Doc?id=10271070
_zAn electronic book accessible through the World Wide Web; click to view
999 _c7193
_d7193